Financial statement analysis : (Record no. 21357)

MARC details
000 -LEADER
fixed length control field 00940cam a22002655a 4500
001 - CONTROL NUMBER
control field 16884589
005 - DATE AND TIME OF LATEST TRANSACTION
control field 20201128023654.0
008 - FIXED-LENGTH DATA ELEMENTS--GENERAL INFORMATION
fixed length control field 110722s2012 enka frbd 001 0 eng d
020 ## - INTERNATIONAL STANDARD BOOK NUMBER
International Standard Book Number 9780273752356 (pbk.)
040 ## - CATALOGING SOURCE
Original cataloging agency DLC
Transcribing agency DLC
Modifying agency DLC
-- EG-ScBUE
Language of cataloging eng
082 04 - DEWEY DECIMAL CLASSIFICATION NUMBER
Edition number 22
Classification number 657.3
Item number PET
100 1# - MAIN ENTRY--PERSONAL NAME
Personal name Petersen, Christian V.
9 (RLIN) 39514
245 10 - TITLE STATEMENT
Title Financial statement analysis :
Remainder of title valuation, credit analysis, executive compensation /
Statement of responsibility, etc Christian V. Petersen and Thomas Plenborg.
260 ## - PUBLICATION, DISTRIBUTION, ETC. (IMPRINT)
Place of publication, distribution, etc Harlow ;
-- New York :
Name of publisher, distributor, etc Financial Times / Prentice Hall,
Date of publication, distribution, etc 2012.
300 ## - PHYSICAL DESCRIPTION
Extent xviii, 478 p. :
Other physical details ill. ;
Dimensions 25 cm.
500 ## - GENERAL NOTE
General note Glossary : p. 458-465.
500 ## - GENERAL NOTE
General note Index : p. 467-478.
504 ## - BIBLIOGRAPHY, ETC. NOTE
Bibliography, etc Includes bibliographical references.
650 #7 - SUBJECT ADDED ENTRY--TOPICAL TERM
Topical term or geographic name as entry element Financial statements.
Source of heading or term BUEsh
9 (RLIN) 4982
650 #7 - SUBJECT ADDED ENTRY--TOPICAL TERM
Topical term or geographic name as entry element Corporations
General subdivision Finance.
Source of heading or term BUEsh
9 (RLIN) 2321
653 ## - INDEX TERM--UNCONTROLLED
Resource For college BAEPS, Business Administration
Arrived date list March2016
655 ## - INDEX TERM--GENRE/FORM
Form subdivision Text book
-- 33728
700 1# - ADDED ENTRY--PERSONAL NAME
Personal name Plenborg, Thomas.
942 ## - ADDED ENTRY ELEMENTS (KOHA)
Source of classification or shelving scheme Dewey Decimal Classification
Holdings
Withdrawn status Item status Source of classification or shelving scheme Damaged status Not for loan Vendor Home library Current library Shelving location Date acquired Source of acquisition Total Checkouts Full call number Barcode Date last seen Koha item type Total Renewals Date last borrowed
    Dewey Decimal Classification     Baccah Central Library Central Library First floor 09/03/2016 Purchase   657.3 PET 000031920 15/07/2025 NB - Book (Non borrowing)    
    Dewey Decimal Classification     Baccah Central Library Central Library First floor 09/03/2016 Purchase 2 657.3 PET 000031921 15/07/2025 Book - Borrowing 12 28/04/2016
    Dewey Decimal Classification     Baccah Central Library Central Library First floor 09/03/2016 Purchase 3 657.3 PET 000031922 15/07/2025 Book - Borrowing 14 04/05/2019
    Dewey Decimal Classification     Baccah Central Library Central Library First floor 10/03/2016 Purchase 2 657.3 PET 000031932 15/07/2025 Book - Borrowing 30 08/02/2020
    Dewey Decimal Classification     Baccah Central Library Central Library First floor 10/03/2016 Purchase 2 657.3 PET 000031933 15/07/2025 Book - Borrowing 34 29/01/2019
    Dewey Decimal Classification     Baccah Central Library Central Library First floor 10/03/2016 Purchase 4 657.3 PET 000031934 15/07/2025 Book - Borrowing 6 15/08/2016
    Dewey Decimal Classification     Baccah Central Library Central Library First floor 10/03/2016 Purchase 1 657.3 PET 000031951 15/07/2025 Book - Borrowing 15 21/03/2016
    Dewey Decimal Classification     Baccah Central Library Central Library First floor 10/03/2016 Purchase 1 657.3 PET 000031952 15/07/2025 Book - Borrowing 6 19/04/2016
    Dewey Decimal Classification     Baccah Central Library Central Library First floor 10/03/2016 Purchase 3 657.3 PET 000031953 15/07/2025 Book - Borrowing 24 11/03/2020
    Dewey Decimal Classification     Baccah Central Library Central Library First floor 10/03/2016 Purchase 2 657.3 PET 000031954 15/07/2025 Book - Borrowing 16 11/03/2020